| 000 | 00453nam a22001697a 4500 | ||
|---|---|---|---|
| 003 | MPLRDC | ||
| 005 | 20220104144025.0 | ||
| 008 | 210129b ||||| |||| 00| 0 eng d | ||
| 082 | _a947.47 TZBEX-81 v.1B | ||
| 100 | _a藤子不二雄 | ||
| 245 |
_a小叮当与西游记. 下 _c |
||
| 260 |
_a _b儿童图书出版 _c |
||
| 300 | _b平 | ||
| 490 | _a彩色长篇漫画系列. 1 | ||
| 650 | _a哆啦A梦长篇漫画 | ||
| 942 |
_cBK _o947.47 TZBEX-81 v.1B |
||
| 999 |
_c45636 _d45626 |
||